000 00899cam a2200229 i 4500
005 20260126102547.0
008 250721s2000 ua gr 000 0 ara d
082 1 4 _a346.07
_bع ر ي
100 1 _aعريني، محمد فريد
_eمؤلف.
245 1 0 _aمبادئ القانون التجاري والبحري /
_cالدكتور محمد فريد العريني، الدكتور هاني دويدار.
264 3 1 _aالإسكندرية :
_bدار الجامعة الجديدة،
_c2000.
300 _a691 صفحة.
650 1 7 _aالقانون التجاري.
650 1 7 _aالقانون البحري.
650 1 7 _aالشركات.
650 1 7 _aالكمبيالات.
650 1 7 _aالتأمين البحري.
650 1 7 _aالنقل البحري.
700 1 _aدويدار، هاني
_eمؤلف مشارك.
942 _2ddc
_cBK
999 _c81143
_d81143